00392nam a2200121Ia 4500008004100000100002500041245014800066260001200214260001100226260000900237300000700246650001700253160123s9999 xx 000 0 und d10aWeerarathne,M.P.P.P. 2aA Detailed Evaluation of the Manufacturing Process of Pale Crepe and Sole crepe Rubber and an Investigation of the International Markets Served aColombo bIchemc c2013 a60 aCrepe Rubber